Music Quiz

Random Music or Lyrics Quiz

California Gurls Quiz Stats

Quiz not verified by Sporcle

Challenge
Share
Tweet
Embed
Score 0/13 Timer 05:00
0 Plays Today
California Gurls... % Correct
I know a place...Where the grass is really greener
74.4%
Warm wet n wild...There must be something in the water
71.4%
Greetings loved ones...Lets take a journey
64%
Daisy Dukes...bikinis on top
57.6%
California Gurls...we're unforgettable
38.9%
California Gurls...We're undeniable
37.9%
West Coast represent...now put your hands up
36.9%
Fine, Fresh, Fierce...We got it on lock
26.1%
Once you party with us...you'll be fallin in love
18.2%
You could travel the world...But nothin comes close to the Golden Coast
14.8%
Sun kissed skin so hot...will melt your popsicle
12.3%
Sippin' gin and juice...laying underneath the palm trees (undone)
7.4%
Boys break their necks...Try'na creep a little sneak peek (at us)
4.4%

You're not logged in!

Compare scores with friends on all Sporcle quizzes.
Sign Up with Email
OR
Log In

You Might Also Like...

Show Comments

Extras

Top Quizzes Today


Score Distribution

Your Account Isn't Verified!

In order to create a playlist on Sporcle, you need to verify the email address you used during registration. Go to your Sporcle Settings to finish the process.